000 00637nab a2200217 a 4500
001 69865
003 143808
005 20201118110714.0
008 ||||||n9999 ||| || ||
041 _aspa
245 0 _aEntidades del sector publico :
_bdisposiciones para suprimir tramites y facilitar la actividad de los ciudadanos
260 _aBogotá :
_bLEGI0,
_c1999.
300 _app.1-77
562 _e0
650 _aDECRETO 1122 DE 1999
650 _aLUCHA CONTRA LA CORRUPCION
650 _aSECTOR PÚBLICO
650 _aSUPRESION DE TRAMITES
773 _067764
_aLegislación - Tomo 95 No.1123 (1999)
942 _cSART
999 _c69865
_d69865